000 00905cam a2200229 4500
001 ABS66945
008 030905n2003 000 0 eng u
035 _a(Sirsi) u123506
100 _aYoung, E.
245 _aRunning to stand still
260 _c2003
490 _aRIBA Journal
_v110(8) August 2003, 42-48(6)
520 _aSurvey of the RIBA annual employment and earnings of architects. Highlights that in-house architects and principal in partnership based in London are doing well, but others need to work longer hours just to keep pace with inflation. Includes tables of earnings by field of employment, employment structure 1980-2003, and median earnings by age and field of employment.
590 _aABS
650 _aPROFESSIONAL PRACTICES
650 _aARCHITECTS
650 _aSURVEYS
650 _aEARNINGS
650 _aEMPLOYMENT
690 _aBUILT ENVIRONMENT
942 _n0
999 _c73361
_d73361